Słowiańsko-skandynawskie pogranicze kulturowe we wczesnym średniowieczu
| Titel: | Słowiańsko-skandynawskie pogranicze kulturowe we wczesnym średniowieczu : Przykład wysp Lolland, Falster i Mo̸n |
|---|---|
| Verfasser: | |
| In: |
Pogranicze polsko-pruskie i krzyżackie ; 2, (2007), Seite 417-432 alle Artikel anzeigen |
| Veröffentlicht: | 2007 |
| Format: | Aufsatz |
| Sprache: | Polnisch |
X
alg: 39441309
001A $01999:12-11-16
001B $01999:01-06-17 $t17:45:35.000
001D $01999:12-11-16
001U $0utf8
001X $00
002@ $0Aox
003@ $0394413091
007A $0394413091 $aHEB
007T $0Herdkk00038687
010@ $apol
011@ $a2007
021A $aSłowiańsko-skandynawskie pogranicze kulturowe we wczesnym średniowieczu $dPrzykład wysp Lolland, Falster i Mo̸n
028A $aNaum $dMagdalena
031A $h417-432 $j2007
039B $aIn $8--Afu--. Pogranicze polsko-pruskie i krzyżackie ; 2. - Włocławek {[u.a.] : Lega, 2007. - 453 S.. - Ill., Kt.. - ISBN 978-83-60150-30-6 $x200700000000000583 $9190809388
lok: 39441309 78
exp: 39441309 78 1 #EPN
201B/01 $018-11-16 $t11:32:02.000
201U/01 $0utf8
203@/01 $0790523507
208@/01 $a12-11-16 $be
209A/01 $a/ $f000 $x00
220C/01 $aHerkunft: PBB/IH PAN
244Z/01 $2Trx $#Poola $#Lenkija $#Polija $#Polen Land $#Poland $#Lengyelország $#Poľsko $#Polsko $8--Trx--Polska$gkraj $x01 $9391345966
244Z/01 $2Trx $#Lolland Insel $8--Trx--Lolland$gO̸ $x02 $9391239279
244Z/01 $2Trx $#Falster Insel $8--Trx--Falster$gO̸ $x03 $9391239287
244Z/01 $2Trx $#Mo̸n Insel $#Mo̸n wyspa $8--Trx--Mo̸n$gO̸ $x04 $9391310704
244Z/01 $2Trx $#Skandinaavia $#Skandinavija $#Skandināvija $#Scandinavia $#Skandynawia $#Škandinávia $#Skandinávie $8--Trx--Skandinavien $x05 $9391305980
244Z/01 $2Trx $8--Trx--Einzelbeiträge $x06 $9391384570
247C/01 $82080>Marburg/Lahn, Herder-Institut, Forschungsbibliothek, Bibliographieportal $9336309341
| LEADER | 00000caa a22000002c 4500 | ||
|---|---|---|---|
| 001 | 394413091 | ||
| 003 | DE-603 | ||
| 005 | 20170601174535.0 | ||
| 007 | tu | ||
| 008 | 161112s2007 xx |||| | u00||u|pol c | ||
| 035 | |a (DE-599)HEB394413091 | ||
| 040 | |a DE-603 |b ger |c DE-603 |d DE-603 | ||
| 041 | |a pol | ||
| 100 | 1 | |a Naum, Magdalena | |
| 245 | 0 | 0 | |a Słowiańsko-skandynawskie pogranicze kulturowe we wczesnym średniowieczu |b Przykład wysp Lolland, Falster i Mo̸n |
| 264 | 0 | |c 2007 | |
| 773 | 0 | 8 | |i In |t Pogranicze polsko-pruskie i krzyżackie ; 2 |d Włocławek [u.a.] : Lega, 2007 |h 453 S., Ill., Kt. |z 9788360150306 |g (2007), Seite 417-432 |w (DE-603)190809388 |
| 924 | 0 | |9 2080 |a (DE-603)790523507 |b DE-2080 |c HES |d d |g / | |


